000 01164nam a22002537i 4500
999 _c23094
_d23094
003 AR-CdUCM
008 241025b20242024 pe||||| |||| 00| 0 spa d
020 _a978-612-4375-23-1
040 _aMUNICIPALIDAD PROVINCIAL DEL CUSCO
_cBIBLIOTECA MUNICIPAL DEL CUSCO
041 _hspa
082 _a985.613 / D81
_bD81
110 _aDirección Desconcertada de Cultura del Cusco
_950721
245 _aQhapaq Ñan Cusco :
_bCaminos Milenarios de Integración /
260 _aCusco :
_bDirección Desconcertada de Cultura del Cusco
_c2024
300 _a306 páginas. :
_c25.5 cm.
505 _aEl Qhapaq Ñan patrimonio mundial -- Provincia de Acomayo -- Provincia de Anta -- Provincia de Calca -- Provincia de Canas -- Provincia de Canchis -- Provincia de Chumbivilcas -- Provincia de Cusco -- Provincia de Espinar -- Provincia de La Convención -- Provincia de Paruro -- Provincia de Paucartambo -- Provincia de Quispicanchi -- Provincia de Urubamba
650 _aCaminos
_927474
650 _aHistoria
_950722
650 _aPatrimonio
_95523
650 _aArqueología
_9371
650 _aTemplo
_929723
942 _2ddc
_cLIBROS
945 _apbj
_d20-10-2024